[Event "BRA-ch sf1"]
[Site "Brasilia"]
[Date "2019.06.09"]
[Round "4"]
[White "Aguiar, Arthur Vinicius De"]
[Black "Meireles, Gabriel Ladeira"]
[Result "1-0"]
[WhiteElo "1841"]
[BlackElo "1800"]
[PlyCount "29"]
[EventDate "2019.06.07"]
[EventType "swiss"]
[EventRounds "5"]
[EventCountry "BRA"]
[SourceTitle "CBM 190 Extra"]
[Source "ChessBase"]
[SourceDate "2019.07.15"]
[SourceVersion "1"]
[SourceVersionDate "2019.07.15"]
[SourceQuality "1"]

1. e4 e5 2. Nf3 Nc6 3. Bb5 a6 4. Ba4 Nf6 5. d3 b5 6. Bb3 h6 7. 0-0 Be7 8. Nbd2 0-0 9. Re1 d5 10. exd5 Nxd5 11. Nxe5 Nf4 12. Nxc6 Qd6 13. Nxe7+ Kh8 14. Nxc8 Raxc8 15. Ne4 1-0

[Event "BRA-ch Amateur U1600"]
[Site "Sao Paulo"]
[Date "2017.10.15"]
[Round "7"]
[White "Ferreira, Wagner Maria Gangin"]
[Black "Meireles, Gabriel Ladeira"]
[Result "1-0"]
[WhiteElo "1172"]
[BlackElo "1405"]
[PlyCount "25"]
[EventDate "2017.10.12"]
[EventType "swiss"]
[EventRounds "7"]
[EventCountry "BRA"]
[SourceTitle "EXT 2022"]
[Source "ChessBase"]
[SourceDate "2021.10.06"]
[SourceVersion "1"]
[SourceVersionDate "2021.10.06"]
[SourceQuality "1"]

1. d4 d5 2. Nf3 Nf6 3. Bf4 e6 4. e3 Nc6 5. Nbd2 Bb4 6. c3 Ba5 7. Bd3 a6 8. 0-0 0-0 9. Qc2 g6 10. Bg5 Bd7 11. Ne5 Be8 12. Ndf3 Qe7 13. Ng4 1-0

[Event "Brasilia FBX op"]
[Site "Brasilia"]
[Date "2015.03.01"]
[Round "5"]
[White "Barbalho, Geisa Nascimento"]
[Black "Meireles, Gabriel Ladeira"]
[Result "0-1"]
[WhiteElo "1564"]
[BlackElo "1596"]
[PlyCount "58"]
[EventDate "2015.02.27"]
[EventType "swiss"]
[EventRounds "5"]
[EventCountry "BRA"]
[SourceTitle "CBM 165 Extra"]
[Source "ChessBase"]
[SourceDate "2015.04.21"]
[SourceVersion "1"]
[SourceVersionDate "2015.04.21"]
[SourceQuality "1"]

1. e4 e5 2. Nf3 Nc6 3. Nc3 Nf6 4. Bc4 g6 5. Ng5 d5 6. exd5 Ne7 7. d6 Ned5 8. dxc7 Qxc7 9. Nxd5 Nxd5 10. Bxd5 Qd7 11. Bb3 Qf5 12. Nxf7 Qe4+ 13. Qe2 Qxe2+ 14. Kxe2 Rg8 15. Re1 Bg4+ 16. f3 Bf5 17. Kf1 e4 18. fxe4 Bd7 19. d3 Rc8 20. Bg5 Rg7 21. e5 Rxf7+ 22. Bxf7+ Kxf7 23. Kg1 Kg8 24. e6 Bc6 25. Rf1 Bxg2 26. Kxg2 Rxc2+ 27. Kg3 Bd6+ 28. Kh3 h5 29. e7 Rxh2# 0-1

[Event "Brasilia Terra Viva op"]
[Site "Brasilia"]
[Date "2014.09.21"]
[Round "5"]
[White "Alves, Sidney David"]
[Black "Meireles, Gabriel Ladeira"]
[Result "1-0"]
[WhiteElo "1515"]
[BlackElo "1618"]
[PlyCount "49"]
[EventDate "2014.09.19"]
[EventType "swiss"]
[EventRounds "6"]
[EventCountry "BRA"]
[SourceTitle "CBM 162 Extra"]
[Source "ChessBase"]
[SourceDate "2014.10.17"]
[SourceVersion "1"]
[SourceVersionDate "2014.10.17"]
[SourceQuality "1"]

1. d4 d5 2. Nf3 Bf5 3. c4 c6 4. Qb3 Qd7 5. Bf4 Na6 6. Ne5 Qc7 7. g3 Be4 8. f3 Bxb1 9. Rxb1 Nf6 10. Nxf7 Qa5+ 11. Bd2 Qc7 12. Nxh8 e6 13. Qe3 Qd7 14. Bh3 Nc7 15. Rc1 0-0-0 16. Qb3 b6 17. cxd5 cxd5 18. 0-0 Bd6 19. Rc2 Rxh8 20. Rfc1 Nfe8 21. Bb4 Rf8 22. Bxd6 Qxd6 23. Rc6 Qe7 24. Rxe6 Qg5 25. Re5+ 1-0

[Event "Brasilia Terra Viva op"]
[Site "Brasilia"]
[Date "2014.09.19"]
[Round "2"]
[White "Meireles, Gabriel Ladeira"]
[Black "Olivo, Anibal Ribeiro"]
[Result "0-1"]
[WhiteElo "1618"]
[BlackElo "1609"]
[PlyCount "48"]
[EventDate "2014.09.19"]
[EventType "swiss"]
[EventRounds "6"]
[EventCountry "BRA"]
[SourceTitle "CBM 162 Extra"]
[Source "ChessBase"]
[SourceDate "2014.10.17"]
[SourceVersion "1"]
[SourceVersionDate "2014.10.17"]
[SourceQuality "1"]

1. e4 e5 2. Nf3 Nc6 3. Bc4 Bc5 4. c3 Nf6 5. d4 exd4 6. cxd4 Bb4+ 7. Kf1 d6 8. Ng5 0-0 9. d5 Ne5 10. Bb5 Bc5 11. Be2 h6 12. Nf3 Nxe4 13. Be3 Bxe3 14. fxe3 Qf6 15. Qd4 Ng5 16. Qf4 Qe7 17. Nc3 Nexf3 18. Bxf3 Re8 19. Re1 b6 20. h4 Nxf3 21. Qxf3 Qe5 22. Nd1 Bb7 23. Kg1 Bxd5 24. Qf4 Qxf4 0-1

[Event "Brasilia Regional Centro Oeste"]
[Site "Brasilia"]
[Date "2014.05.11"]
[Round "4"]
[White "Meireles, Gabriel Ladeira"]
[Black "Taira, Erick Hideki"]
[Result "1/2-1/2"]
[WhiteElo "1603"]
[BlackElo "1800"]
[PlyCount "54"]
[EventDate "2014.05.09"]
[EventType "swiss"]
[EventRounds "5"]
[EventCountry "BRA"]
[SourceTitle "CBM 160 Extra"]
[Source "ChessBase"]
[SourceDate "2014.07.01"]
[SourceVersion "1"]
[SourceVersionDate "2014.07.01"]
[SourceQuality "1"]

1. e4 c5 2. Nf3 e6 3. c3 Nc6 4. d4 d5 5. e5 g6 6. Bg5 Nge7 7. Bf6 Rg8 8. dxc5 Bg7 9. Bxg7 Rxg7 10. Bb5 a6 11. Bxc6+ Nxc6 12. 0-0 Qc7 13. Re1 Bd7 14. Na3 0-0-0 15. c4 Be8 16. cxd5 Rxd5 17. Qe2 Rxc5 18. Nc4 Bd7 19. Rac1 Kb8 20. Qe3 Rb5 21. a4 Rb4 22. Qa3 a5 23. Red1 Rg8 24. Qd3 Rd8 25. Ng5 Bc8 26. Qc2 Rxd1+ 27. Qxd1 Nxe5 1/2-1/2

[Event "Brasilia Regional Centro Oeste"]
[Site "Brasilia"]
[Date "2014.05.09"]
[Round "1"]
[White "De Oliveira, Italo Candido"]
[Black "Meireles, Gabriel Ladeira"]
[Result "1-0"]
[WhiteElo "1830"]
[BlackElo "1603"]
[PlyCount "51"]
[EventDate "2014.05.09"]
[EventType "swiss"]
[EventRounds "5"]
[EventCountry "BRA"]
[SourceTitle "CBM 160 Extra"]
[Source "ChessBase"]
[SourceDate "2014.07.01"]
[SourceVersion "1"]
[SourceVersionDate "2014.07.01"]
[SourceQuality "1"]

1. c4 Nf6 2. Nc3 c5 3. Nf3 d6 4. g3 Bg4 5. Bg2 g6 6. 0-0 Bg7 7. d4 b6 8. Ng5 d5 9. Nxd5 Nxd5 10. Bxd5 h6 11. Bxf7+ Kf8 12. Bd5 hxg5 13. Bxa8 Bh3 14. Bg2 Bxg2 15. Kxg2 Bxd4 16. e3 Nc6 17. exd4 cxd4 18. Qf3+ Kg8 19. Qxc6 Rh6 20. Bxg5 Rh7 21. Qd5+ Qxd5+ 22. cxd5 Rh5 23. h4 d3 24. Rad1 Rh7 25. Rxd3 a5 26. Re1 1-0

[Event "Brasilia Abertura op"]
[Site "Brasilia"]
[Date "2014.02.23"]
[Round "4"]
[White "Meireles, Gabriel Ladeira"]
[Black "Maciel, Diogo Alves"]
[Result "0-1"]
[WhiteElo "1639"]
[BlackElo "1594"]
[PlyCount "70"]
[EventDate "2014.02.21"]
[EventType "swiss"]
[EventRounds "5"]
[EventCountry "BRA"]
[SourceTitle "CBM 159 Extra"]
[Source "ChessBase"]
[SourceDate "2014.04.24"]
[SourceVersion "1"]
[SourceVersionDate "2014.04.24"]
[SourceQuality "1"]

1. e4 e5 2. Nf3 Nc6 3. Bc4 Nf6 4. Nc3 Bc5 5. 0-0 0-0 6. d3 d6 7. Bg5 Be6 8. Bxe6 fxe6 9. Bxf6 Qxf6 10. Qd2 h6 11. a3 Qg6 12. Nh4 Qg4 13. g3 g5 14. Ng6 Rf6 15. b4 Bb6 16. Qe2 Qxe2 17. Nxe2 Rxg6 18. Nc3 Bd4 19. Rab1 Bxc3 20. Rb3 Bd4 21. c3 Bb6 22. a4 a5 23. b5 Ne7 24. Rbb1 Rf8 25. Rfd1 Rff6 26. d4 exd4 27. cxd4 e5 28. Rd2 Bxd4 29. Kg2 Nc8 30. Rc2 c6 31. bxc6 bxc6 32. Rxc6 g4 33. Rc2 Nb6 34. h4 Nxa4 35. Rc4 Nc3 0-1

[Event "Brasilia Abertura op"]
[Site "Brasilia"]
[Date "2014.02.22"]
[Round "2"]
[White "Dantas, Victor Lima"]
[Black "Meireles, Gabriel Ladeira"]
[Result "1-0"]
[WhiteElo "1814"]
[BlackElo "1639"]
[PlyCount "77"]
[EventDate "2014.02.21"]
[EventType "swiss"]
[EventRounds "5"]
[EventCountry "BRA"]
[SourceTitle "CBM 159 Extra"]
[Source "ChessBase"]
[SourceDate "2014.04.24"]
[SourceVersion "1"]
[SourceVersionDate "2014.04.24"]
[SourceQuality "1"]

1. d4 d5 2. c4 e6 3. Nc3 Nf6 4. Bg5 Be7 5. cxd5 exd5 6. e3 Nc6 7. Bd3 0-0 8. Qc2 g6 9. h4 h5 10. f3 Bf5 11. e4 dxe4 12. fxe4 Bg4 13. Bh6 Re8 14. e5 Nh7 15. Bxg6 Nf8 16. Be4 Bxh4+ 17. Kd2 Qxd4+ 18. Kc1 Qe3+ 19. Bxe3 Rad8 20. Rxh4 Rxe5 21. Rxg4+ hxg4 22. Bh7+ Nxh7 23. Bd2 Nb4 24. Qb3 Nd3+ 25. Kc2 Nc5 26. Qb4 b6 27. Qxg4+ Kh8 28. Nge2 Rg8 29. Qd4 f6 30. Rf1 Rge8 31. Bg5 Rxg5 32. Rxf6 Nxf6 33. Qxf6+ Rg7 34. Qf5 Reg8 35. Nf4 Nd7 36. Qh5+ Rh7 37. Ng6+ Kg7 38. Qg5 Rh6 39. Ne7+ 1-0

[Event "Brasilia Abertura op"]
[Site "Brasilia"]
[Date "2014.02.22"]
[Round "3"]
[White "Meireles, Gabriel Ladeira"]
[Black "Facchin Filho, Fernando"]
[Result "0-1"]
[WhiteElo "1639"]
[BlackElo "1820"]
[PlyCount "62"]
[EventDate "2014.02.21"]
[EventType "swiss"]
[EventRounds "5"]
[EventCountry "BRA"]
[SourceTitle "CBM 159 Extra"]
[Source "ChessBase"]
[SourceDate "2014.04.24"]
[SourceVersion "1"]
[SourceVersionDate "2014.04.24"]
[SourceQuality "1"]

1. e4 e5 2. Nf3 Nc6 3. Bc4 Nf6 4. Nc3 Be7 5. 0-0 0-0 6. d3 d6 7. Be3 Na5 8. Bb5 a6 9. Ba4 b5 10. Bb3 Nxb3 11. axb3 Bg4 12. h3 Bh5 13. Bg5 c6 14. b4 h6 15. Be3 Nd7 16. g4 Bg6 17. Re1 Nf6 18. Nh4 d5 19. Bc5 d4 20. Bxe7 Qxe7 21. Nxg6 fxg6 22. Na2 Nh7 23. c3 Qh4 24. Qb3+ Kh8 25. Rf1 Qxh3 26. Qd1 Rf3 27. Qxf3 Qxf3 28. cxd4 exd4 29. Rac1 Ng5 30. e5 Nh3+ 31. Kh2 Nf4 0-1

[Event "Brasilia Oeste op"]
[Site "Brasilia"]
[Date "2012.10.12"]
[Round "3"]
[White "Correa, Lorenna Martins"]
[Black "Meireles, Gabriel Ladeira"]
[Result "1-0"]
[WhiteElo "1725"]
[BlackElo "1761"]
[PlyCount "45"]
[EventDate "2012.10.11"]
[EventType "swiss"]
[EventRounds "7"]
[EventCountry "BRA"]
[SourceTitle "EXT 2013"]
[Source "ChessBase"]
[SourceDate "2012.11.22"]
[SourceVersion "1"]
[SourceVersionDate "2012.11.22"]
[SourceQuality "1"]

1. d4 d5 2. c4 Nf6 3. Nc3 dxc4 4. Nf3 Nc6 5. e3 Be6 6. Be2 g6 7. 0-0 Bg7 8. e4 0-0 9. d5 Bg4 10. dxc6 Qxd1 11. Rxd1 bxc6 12. h3 Be6 13. Nd4 Bd7 14. Bxc4 Rad8 15. Bg5 c5 16. Nf3 Rfe8 17. e5 Nh5 18. g4 Nf4 19. Bxf4 Bc8 20. Ng5 Rxd1+ 21. Rxd1 e6 22. Nge4 Bf6 23. Nxf6+ 1-0

[Event "Brasilia Oeste op"]
[Site "Brasilia"]
[Date "2012.10.11"]
[Round "1"]
[White "Sa, Antonio Villar Marq"]
[Black "Meireles, Gabriel Ladeira"]
[Result "1-0"]
[WhiteElo "1996"]
[BlackElo "1761"]
[PlyCount "37"]
[EventDate "2012.10.11"]
[EventType "swiss"]
[EventRounds "7"]
[EventCountry "BRA"]
[SourceTitle "EXT 2013"]
[Source "ChessBase"]
[SourceDate "2012.11.22"]
[SourceVersion "1"]
[SourceVersionDate "2012.11.22"]
[SourceQuality "1"]

1. e4 e5 2. Nf3 Nc6 3. Bb5 d6 4. d4 Bd7 5. 0-0 Nf6 6. Nc3 g6 7. Bg5 Bg7 8. Bxc6 Bxc6 9. dxe5 dxe5 10. Qxd8+ Rxd8 11. Nxe5 0-0 12. Nxc6 bxc6 13. e5 Rd2 14. exf6 Bh8 15. Bxd2 Bxf6 16. Rfe1 Rd8 17. Rad1 Bxc3 18. Bxc3 Rxd1 19. Rxd1 1-0

[Event "BRA-ch sf3"]
[Site "Brasilia"]
[Date "2012.07.21"]
[Round "1"]
[White "Rocha, Tarciso"]
[Black "Meireles, Gabriel Ladeira"]
[Result "1-0"]
[WhiteElo "1866"]
[BlackElo "1761"]
[PlyCount "46"]
[EventDate "2012.07.21"]
[EventType "swiss"]
[EventRounds "6"]
[EventCountry "BRA"]
[SourceTitle "EXT 2014"]
[Source "ChessBase"]
[SourceDate "2013.11.20"]
[SourceVersion "1"]
[SourceVersionDate "2013.11.20"]
[SourceQuality "1"]

1. d4 d5 2. c4 dxc4 3. Nc3 g6 4. Nf3 Nf6 5. e3 Bg7 6. Bxc4 0-0 7. 0-0 Bg4 8. h3 Bh5 9. g4 Bxg4 10. hxg4 Nxg4 11. Nh2 Nxh2 12. Kxh2 Qd6+ 13. f4 g5 14. Qf3 Qh6+ 15. Qh3 Qxh3+ 16. Kxh3 Rd8 17. fxg5 h6 18. Bxf7+ Kh8 19. gxh6 Bxh6 20. Nd5 Nc6 21. Nxc7 Rac8 22. Ne6 Rf8 23. Nxf8 Rxf8 1-0